000 00642nam a2200217 a 4500
001 000011955
003 OSt
005 20240412074229.0
008 091102s1939 dr 001 0 spa d
040 _aDO-SdBNP
_bspa
_cBNPHU
082 _aRD861.44
_bG216a
100 1 _aGarcia Carrasco, F. J.
_928233
245 1 0 _aArte y misterio /
_cGarcía Carrasco.
260 _aCiudad Primada, República Dominicana :
_bAlvarez,
_c1939.
300 _a97 p. ;
_c18 cm.
500 _aInventariado, 2019/VM
650 0 _aPoesía dominicana
_966
650 0 _aLiteratura dominicana.
_967
910 _aValidado. Control de calidad MFF
942 _2ddc
_cLF1
999 _c11625
_d11625